| 000 | 01079cam a2200277 a 4500 | ||
|---|---|---|---|
| 001 | 13706530 | ||
| 003 | ARRUPE | ||
| 005 | 20130926174641.0 | ||
| 008 | 040831s2005 miu b 001 0 eng | ||
| 010 | _a 2004020689 | ||
| 020 | _a1587430878 (pbk.) | ||
| 040 |
_aDLC _cDLC _dDLC |
||
| 042 | _apcc | ||
| 050 | 0 | 0 |
_aBR115.C8 _bI475 2005 |
| 100 | 1 |
_aInchausti, Robert, _d1952- _91543 |
|
| 245 | 1 | 0 |
_aSubversive orthodoxy : _boutlaws, revolutionaries, and other Christians in disguise / _cRobert Inchausti. |
| 260 |
_aGrand Rapids, Mich. : _bBrazos Press, _cc2005. |
||
| 300 |
_a219 p. ; _c23 cm. |
||
| 504 | _aIncludes bibliographical references (p. 197-204) and index. | ||
| 650 | 0 |
_aChristianity and culture. _91544 |
|
| 650 | 0 |
_aChristianity _xInfluence. _91545 |
|
| 856 | 4 | 1 |
_3Table of contents _uhttp://www.loc.gov/catdir/toc/ecip0422/2004020689.html |
| 906 |
_a7 _bcbc _corignew _d1 _eecip _f20 _gy-gencatlg |
||
| 942 |
_2lcc _cMONOGRAPH |
||
| 999 |
_c118113 _d118113 |
||